000
00357nam a2200133Ia 4500
003
GCL
008
140319s9999 xx 000 0 ara d
040
_a
GCL /
_c
GCL
082
0
4
_a
ط
_b
398.23
_b
ك ا
100
1
_a
كامل كيلانى
245
1
0
_a
الفيل الابيض /
_c
كامل كيلانى
300
_a
38 ص
490
_a
اساطير العالم
_v
0
999
_c
51223
_d
51223